The time of contempt / (Record no. 1941)

MARC details
000 -LEADER
fixed length control field 00631nam a22002177a 4500
005 - DATE AND TIME OF LATEST TRANSACTION
control field 20230322034832.0
008 - FIXED-LENGTH DATA ELEMENTS--GENERAL INFORMATION
fixed length control field 230322b |||||||| |||| 00| 0 eng d
020 ## - INTERNATIONAL STANDARD BOOK NUMBER
International Standard Book Number 978-0-316-21913-6
082 ## - DEWEY DECIMAL CLASSIFICATION NUMBER
Classification number Fic. Sa241 2013
100 ## - MAIN ENTRY--PERSONAL NAME
Personal name Sapkowski, Andrzej
Relator term author
245 ## - TITLE STATEMENT
Title The time of contempt /
Statement of responsibility, etc. Andrzej Sapkowski; translated by David French
260 ## - PUBLICATION, DISTRIBUTION, ETC.
Place of publication, distribution, etc. New York:
Name of publisher, distributor, etc. Orbit,
Date of publication, distribution, etc. c2013
300 ## - PHYSICAL DESCRIPTION
Extent 347p.
490 ## - SERIES STATEMENT
Series statement The witcher; no. 2
541 ## - IMMEDIATE SOURCE OF ACQUISITION NOTE
Accession number 5518
650 ## - SUBJECT ADDED ENTRY--TOPICAL TERM
Topical term or geographic name entry element Wizards - Fiction
650 ## - SUBJECT ADDED ENTRY--TOPICAL TERM
Topical term or geographic name entry element Paranormal fiction
650 ## - SUBJECT ADDED ENTRY--TOPICAL TERM
Topical term or geographic name entry element Monsters - Fiction
650 ## - SUBJECT ADDED ENTRY--TOPICAL TERM
Topical term or geographic name entry element Assassins - Fiction
700 ## - ADDED ENTRY--PERSONAL NAME
Personal name French, David
Relator term translator
Holdings
Withdrawn status Lost status Source of classification or shelving scheme Damaged status Not for loan Home library Current library Date acquired Total Checkouts Full call number Barcode Date last seen Copy number Price effective from Koha item type
    Dewey Decimal Classification     ctu-moalboal ctu-moalboal 12/03/2018   Fic. Sa241 2013 5518 03/22/2023 1 03/22/2023 Books-Fiction